| 000 | 00914nam a22002297a 4500 | ||
|---|---|---|---|
| 003 | SISC | ||
| 005 | 20160531145759.0 | ||
| 008 | 160526b xxu||||| |||| 00| 0 eng d | ||
| 020 | _a9781554535958 | ||
| 050 | _aGF 891 .Sm642 2011 | ||
| 100 | _aSmith, David J. | ||
| 245 |
_aIf the world were a village: _ba book about the world's people / _cwritten by David J. Smith; illustrated by Shelagh Armstrong |
||
| 250 | _a2nd | ||
| 260 |
_aToronto: _bKids Can Press, _cc2011 |
||
| 300 |
_a32 p. : _bcol. ill. ; _c31 cm. |
||
| 520 | _aTells us who we are, where we live, how fast we are growing, what languages we speak, what religions we practice and more by imagining the whole world is a village of 100 people. | ||
| 650 | _aPopulation--Juvenile literature | ||
| 650 | _aHuman geography--Juvenile literature | ||
| 650 | _aPopulation | ||
| 700 |
_aArmstrong, Shelagh _eillustrator |
||
| 942 |
_2lcc _cBK |
||
| 999 |
_c295003 _d295003 |
||